Il principio di collaborazione tra fisco e contribuente

Detalles Bibliográficos
Autor principal: Basile, Marta
Formato: eBook
Lenguaje:italiano
Publicado: Bari : Cacucci Editore, 2010
Materias:
Acceso en línea:http://www.vlex.com/source/11202

MARC

LEADER 00000nam a22000007a 4500
005 20130429171251.0
007 cr|||| ||||
008 130429e2010 it |||||s|||| 00||0 ita d
020 |a 9788884229946 
035 |a 11202 
040 |a vLex 
090 |c 4217  |d 4217 
100 1 0 |a Basile, Marta  
245 1 3 |a Il principio di collaborazione tra fisco e contribuente  |c / Marta Basile   |h [Recurso electrn̤ico] 
256 |a Servicio en ln̕ea 
260 |a Bari :  |b Cacucci Editore,   |c 2010 
300 |a 1 Recurso electrn̤ico 
506 |d vLex Global  |d vLex Global (Academic Edition, excluding Law Schools)  |d vLex Global (U.S. Academic Edition, Law Schools)  |d vLex Global (U.S. Academic Edition, excluding Law Schools)  |d vLex Global (Academic Edition, Law Schools) 
650 0 4 |a Derecho tributario   |z Italia 
650 0 4 |a Hacienda pb︢lica  |z Italia 
740 |a vLex Libros (Servicio en ln̕ea) 
856 |a Acceso restringido  |u http://www.vlex.com/source/11202 
942 |c BOOK 
999 0 |a Taxation